000 00483nam a2200193Ia 4500
005 20260429112204.0
008 260429s9999||||xx |||||||||||||| ||und||
020 _a9789388694865
041 _aEnglish
082 _a294.5
_bFAR
100 _aFarquhar, J. N.
245 0 _aPrimer of Hinduism /
_cJ. N. Farquhar
250 _a1st ed.
260 _aChennai :
_bMaven Books,
_c2023.
300 _a222 p.; pbk
650 _a Religious studies
650 _aHinduism
942 _cTB
999 _c52798
_d52798